000 00366 a2200157 4500
001 58299
020 _a850101351X
040 _cAnchieta - Pituba
100 _aAmado, Jorge
240 1 0 _aO gato malhado e a andorinha Sinhá
_lpor
245 1 0 _aO gato malhado e a andorinha Sinhá
300 _a50
362 0 _a1993
650 4 _aLiteratura juvenil
942 _cBK
999 _c58299
_d58299